Statistics for cardigan - Taylor Swift (All Lyrics)

Click here to take the quiz!

General Stats

  • This quiz has been taken 22 times
  • The average score is 313 of 338

Answer Stats

Lyrics% Correct
A
100%
a
100%
are
100%
assume
100%
But
100%
I
100%
in
100%
knew
100%
know
100%
nothing
100%
on
100%
Sensual
100%
the
100%
The
100%
they
100%
Under
100%
under
100%
When
100%
when
100%
you
100%
You
100%
young,
100%
young
100%
your
100%
Your
100%
all
94%
an
94%
And
94%
and
94%
around
94%
bars
94%
be
94%
bed
94%
black
94%
bleedin'
94%
cardigan
94%
cars
94%
'Cause
94%
Dancin'
94%
downtown
94%
drew
94%
Drunk
94%
father
94%
favorite
94%
felt
94%
friend
94%
Giving
94%
Hand
94%
I'm
94%
is
94%
kiss
94%
Leavin'
94%
Levi's
94%
like
94%
lipstick
94%
lose
94%
me
94%
my
94%
needed
94%
none
94%
now
94%
old
94%
politics
94%
put
94%
said
94%
scars
94%
Sequin
94%
smile,
94%
someone's
94%
stars
94%
sweatshirt
94%
to
94%
To
94%
was
94%
Was
94%
we
94%
Baby,
88%
better,
88%
brand
88%
change
88%
ending
88%
heels
88%
it
88%
lifetimes,
88%
losing
88%
new
88%
Once
88%
once
88%
one
88%
Peter
88%
phone
88%
Running
88%
tee,
88%
train
88%
Tried
88%
twenty
88%
Vintage
88%
water,
88%
Wendy,
88%
what
88%
back
81%
bloodstain,
81%
Chase
81%
cobblestones
81%
for
81%
girls,
81%
High
81%
I'd
81%
last
81%
line
81%
Line
81%
Marked
81%
standin'
81%
streetlight,
81%
tattoo
81%
two
81%
weekends,
81%
would
81%
Chasin'
75%
come
75%
curse
75%
everything
75%
expired
75%
front
75%
grocery
75%
hang
75%
haunt
75%
heartbeat
75%
hide
75%
ifs
75%
light
75%
linger
75%
long
75%
longest
75%
of
75%
Playing
75%
porch
75%
seek
75%
shadows
75%
smell
75%
smoke
75%
this
75%
thrill
75%
time
75%
you'd
75%
You'd
75%
miss
69%
Steppin'
63%

Score Distribution

Percentile by Number Answered

Percent of People with Each Score

Your Score History

You have not taken this quiz